Reglas para la cacería en comunidades indígenas de la reserva de la biósfera y tierra comunitaria de origen Pilón Lajas : (Registro nro. 9045)

Detalles MARC
000 -CABECERA
Campo de control 01000nam a22002537a 4500
005 - FECHA Y HORA DE LA ULTIMA TRANSACCION
Campo de control 20150204113450.0
008 - ELEMENTOS DE LONGITUD FIJA—INFORMACION GENERAL
Campo de control 031130s2011 bo a 000 0 spa
020 ## - ISBN
ISBN 9789995470395
040 ## - FUENTE DE CATALOGACIÓN
Agencia catalogadora original DLC
Agencia transcriptora DLC
Agencia Modificadora Co-BoIAVH
041 ## - IDIOMA
Código de idioma para texto/pista de sonido o título separado Español
044 ## - PAÍS DE PUBLICACIÓN
País de publicación Bolivia
082 04 - NUMERO DE CLASIFICACION DECIMAL DEWEY
Número de clasificación 333.9541
Número del ítem E77r
100 1# - ASIENTO PRINCIPAL--NOMBRE PERSONAL
Nombre personal Espinoza-Antezana, Sophia K.
245 10 - MENCION DE TITULO
Título Reglas para la cacería en comunidades indígenas de la reserva de la biósfera y tierra comunitaria de origen Pilón Lajas :
Parte restante del título un análisis desde la economía experimental /
Mención de responsabilidad Sophia K. Espinoza Antezana.
260 ## - PUBLICACION, DISTRIBUCION, ETC. (PIE DE IMPRENTA)
Lugar de publicación, distribución, etc. La Paz:
Nombre del editor, distribuidor, etc. Conservation Strategy Fund - CSF,
Fecha de publicación, distribución, etc. 2011.
300 ## - DESCRIPCION FISICA
Extensión 65 p :
Otros detalles físicos il., tblas ;
Dimensiones 25 cm.
490 0# - MENCION DE SERIE
Mención de serie Serie académica ;
Designación numérica/secuencial del volumen No. 5
504 ## - NOTA DE BIBLIOGRAFIA, ETC.
Nota de bibliografía Incluye referencias bibliográficas (pag. 59-61)
650 #4 - ASIENTO SECUNDARIO DE MATERIA - TERMINO TEMATICO
Término temático o nombre geográfico como elemento de entrada Caza
Subdivisión general regulación
650 #4 - ASIENTO SECUNDARIO DE MATERIA - TERMINO TEMATICO
Término temático o nombre geográfico como elemento de entrada Fauna silvestre
Subdivisión general Conservación
Subdivisión geográfica Bolivia.
662 ## - ASIENTO SECUNDARIO DE MATERIA - JERARQUIA DEL NOMBRE DE LUGAR(
País o entidad mayor Bolivia
Jurisdicción política intermedia Reserva de a Biósfera.
700 1# - ASIENTO SECUNDARIO - NOMBRE PERSONAL
Nombre personal Behoteguy, Margarita,
Término de relación editora.
942 ## - ELEMENTOS ADICIONALES (KOHA)
Sistema de clasificación Dewey Decimal Classification
Tipo de ítem Libro
Existencias
Withdrawn status Lost status Sistema de Clasificación Damaged status No para préstamo Colección Inventariado Ubicación Permanente Ubicación actual Fecha de adquisición Fuente de Valor Valor Total Checkouts Número topográfico Inventario / Código de Barras Date last seen Ejemplar Price effective from Forma de adquisición Tipo de material
    Dewey Decimal Classification     General Inventariado 2017 Bogotá Bogotá 04/02/2015 Instituto 39000.00   LB-333.9541 E77r 038647 04/02/2015 Ej. 1 04/02/2015   Libro